000 00544nam a2200217Ia 4500
005 20250425161001.0
008 250425s9999 xx 000 0 und d
020 _a0888760701
041 _aeng
082 _a378.71025
100 _aDORAIS, ANNE MARIE
245 0 _aDIRECTORY OF CANADIAN UNIVERSITY RESOURCES FOR INTERNATIONAL DEVELOPMENT
250 _aS.E.
260 _aCanadá
_bAUCC
_c1983
260 _aOTTAWA
300 _a363
650 _aEDUCACION SUPERIOR
700 _aPOLAK, EVA EGRON
942 _c01
010 _a9811
999 _c200132
_d200132